<?xml version="1.0" encoding="UTF-8"?>
<record
    xmlns:xsi="http://www.w3.org/2001/XMLSchema-instance"
    xsi:schemaLocation="http://www.loc.gov/MARC21/slim http://www.loc.gov/standards/marcxml/schema/MARC21slim.xsd"
    xmlns="http://www.loc.gov/MARC21/slim">

  <leader>00488nam a22001817a 4500</leader>
  <datafield tag="999" ind1=" " ind2=" ">
    <subfield code="c">7841</subfield>
    <subfield code="d">7839</subfield>
  </datafield>
  <controlfield tag="005">20220120112816.0</controlfield>
  <controlfield tag="008">220120b           ||||| |||| 00| 0 eng d</controlfield>
  <datafield tag="020" ind1=" " ind2=" ">
    <subfield code="a">978-0-19-874939-3</subfield>
  </datafield>
  <datafield tag="041" ind1=" " ind2=" ">
    <subfield code="a">eng</subfield>
  </datafield>
  <datafield tag="082" ind1=" " ind2=" ">
    <subfield code="a">611</subfield>
  </datafield>
  <datafield tag="100" ind1=" " ind2=" ">
    <subfield code="a">KOSHI, DR. RACHEL</subfield>
    <subfield code="9">6962</subfield>
  </datafield>
  <datafield tag="245" ind1=" " ind2=" ">
    <subfield code="a">CUNNINGHAM'S MANUAL OF PRACTICAL ANATOMY: [UPPER AND LOWER LIMBS]   VOL-1</subfield>
  </datafield>
  <datafield tag="250" ind1=" " ind2=" ">
    <subfield code="a">16TH. ED.</subfield>
  </datafield>
  <datafield tag="260" ind1=" " ind2=" ">
    <subfield code="a">NEW YORK</subfield>
    <subfield code="b">OXFORD UNIVERSITY PREES</subfield>
    <subfield code="c">2017</subfield>
  </datafield>
  <datafield tag="300" ind1=" " ind2=" ">
    <subfield code="a">328,p</subfield>
  </datafield>
  <datafield tag="650" ind1=" " ind2=" ">
    <subfield code="a">BPT</subfield>
    <subfield code="9">6963</subfield>
  </datafield>
  <datafield tag="942" ind1=" " ind2=" ">
    <subfield code="c">BK</subfield>
  </datafield>
  <datafield tag="952" ind1=" " ind2=" ">
    <subfield code="0">0</subfield>
    <subfield code="1">0</subfield>
    <subfield code="4">0</subfield>
    <subfield code="7">0</subfield>
    <subfield code="8">REF</subfield>
    <subfield code="a">JRU</subfield>
    <subfield code="b">JRU</subfield>
    <subfield code="c">SHELF- 8 - C</subfield>
    <subfield code="d">2022-01-20</subfield>
    <subfield code="e">PURCHASE</subfield>
    <subfield code="g">575.00</subfield>
    <subfield code="h">vol-1</subfield>
    <subfield code="l">3</subfield>
    <subfield code="o">611</subfield>
    <subfield code="p">25863</subfield>
    <subfield code="r">2022-12-16 00:00:00</subfield>
    <subfield code="s">2022-09-20</subfield>
    <subfield code="w">2022-01-20</subfield>
    <subfield code="y">BK</subfield>
  </datafield>
  <datafield tag="952" ind1=" " ind2=" ">
    <subfield code="0">0</subfield>
    <subfield code="1">0</subfield>
    <subfield code="4">0</subfield>
    <subfield code="7">0</subfield>
    <subfield code="8">PHYSIOTHERAPY</subfield>
    <subfield code="a">JRU</subfield>
    <subfield code="b">JRU</subfield>
    <subfield code="c">Shelf - 24- A</subfield>
    <subfield code="d">2022-01-20</subfield>
    <subfield code="e">PURCHASE</subfield>
    <subfield code="g">575.00</subfield>
    <subfield code="h">vol-1</subfield>
    <subfield code="l">7</subfield>
    <subfield code="o">611</subfield>
    <subfield code="p">25864</subfield>
    <subfield code="r">2025-08-29 14:55:49</subfield>
    <subfield code="s">2025-08-27</subfield>
    <subfield code="w">2022-01-20</subfield>
    <subfield code="y">BK</subfield>
  </datafield>
  <datafield tag="952" ind1=" " ind2=" ">
    <subfield code="0">0</subfield>
    <subfield code="1">0</subfield>
    <subfield code="4">0</subfield>
    <subfield code="7">0</subfield>
    <subfield code="8">PHYSIOTHERAPY</subfield>
    <subfield code="a">JRU</subfield>
    <subfield code="b">JRU</subfield>
    <subfield code="c">Shelf - 24- A</subfield>
    <subfield code="d">2022-01-20</subfield>
    <subfield code="e">PURCHASE</subfield>
    <subfield code="g">575.00</subfield>
    <subfield code="h">vol-1</subfield>
    <subfield code="l">4</subfield>
    <subfield code="o">611</subfield>
    <subfield code="p">25865</subfield>
    <subfield code="r">2024-09-20 13:11:56</subfield>
    <subfield code="s">2024-09-10</subfield>
    <subfield code="w">2022-01-20</subfield>
    <subfield code="y">BK</subfield>
  </datafield>
  <datafield tag="952" ind1=" " ind2=" ">
    <subfield code="0">0</subfield>
    <subfield code="1">0</subfield>
    <subfield code="4">0</subfield>
    <subfield code="7">0</subfield>
    <subfield code="8">PHYSIOTHERAPY</subfield>
    <subfield code="a">JRU</subfield>
    <subfield code="b">JRU</subfield>
    <subfield code="c">Shelf - 24- A</subfield>
    <subfield code="d">2022-01-20</subfield>
    <subfield code="e">PURCHASE</subfield>
    <subfield code="g">575.00</subfield>
    <subfield code="h">vol-1</subfield>
    <subfield code="l">4</subfield>
    <subfield code="m">2</subfield>
    <subfield code="o">611</subfield>
    <subfield code="p">25866</subfield>
    <subfield code="r">2024-09-25 13:37:43</subfield>
    <subfield code="s">2024-09-10</subfield>
    <subfield code="w">2022-01-20</subfield>
    <subfield code="y">BK</subfield>
  </datafield>
</record>
